Participación social y desarrollo en la adolescencia /

שמור ב:
מידע ביבליוגרפי
מחבר ראשי: Krauskopf Roger, Dina
Autores Corporativos: Naciones Unidas. Fondo de Población, UNFPA
פורמט: Texto
יצא לאור: San José: UNFPA
מהדורה:2
נושאים:
תגים: הוספת תג
אין תגיות, היה/י הראשונ/ה לתייג את הרשומה!

MARC

LEADER 00000 a a2200000 04500
001 30378
003
040
090 |a 194700  
100 |a Krauskopf Roger, Dina  
110 |a Naciones Unidas. Fondo de Población  
245 |a Participación social y desarrollo en la adolescencia /  |c Naciones Unidas. Fondo de Población  
250 |a 2  
260 |a San José:   |b UNFPA  
300 |a 28 p.   |b gráficas  
650 |a ADOLESCENTES  
650 |a PARTICIPACION SOCIAL  
650 |a SALUD  
650 |a POLITICA GUBERNAMENTAL  
650 |a CONFLICTOS DE GENERACIONES  
710 |a UNFPA  
999 |c 13175  |d 13175